Finančný lízing a poistenie
Právne úpravy v oblasti finančného lízingu a poistenia predmetu lízingu. Vplyv zmeny DPH na tzv. refakturácie. Pokračovanie článku v ďalšom čísle HN.
Salvato in:
| Autore principale: | |
|---|---|
| Natura: | Capitolo di libro |
| Lingua: | slovacco |
| Soggetti: | |
| Tags: |
Nessun Tag, puoi essere il primo ad aggiungerne!!
|
MARC
| LEADER | 00000naa a2200000 4500 | ||
|---|---|---|---|
| 001 | r047550 | ||
| 005 | 20230925123157.7 | ||
| 041 | 0 | |a slo | |
| 044 | |a SK | ||
| 245 | 1 | 0 | |a Finančný lízing a poistenie |c Darina Salanciová |
| 520 | |a Právne úpravy v oblasti finančného lízingu a poistenia predmetu lízingu. Vplyv zmeny DPH na tzv. refakturácie. Pokračovanie článku v ďalšom čísle HN. | ||
| 610 | 2 | 0 | |a lízing finančný |
| 610 | 2 | 0 | |a poistenie |
| 610 | 2 | 0 | |a spoločnosti lízingové |
| 610 | 2 | 0 | |a nájomcovia |
| 610 | 2 | 0 | |a úpravy právne |
| 100 | 1 | |a Salanciová, Darina | |